Surface electromagnetics : (Record no. 594895)
[ view plain ]
| 000 -LEADER | |
|---|---|
| fixed length control field | 00415nam a22001217a 4500 |
| 020 ## - INTERNATIONAL STANDARD BOOK NUMBER | |
| International Standard Book Number | 9781108470261 |
| 082 ## - DEWEY DECIMAL CLASSIFICATION NUMBER | |
| Classification number | 621.3 |
| Author Mark | SUR |
| 245 ## - TITLE STATEMENT | |
| Title | Surface electromagnetics : |
| Remainder of title | with applications in antenna, microwave, and optical engineering / |
| Statement of responsibility, etc. | Edited by Fan Yang and Yahya Rahmat-Samii |
| 260 ## - PUBLICATION, DISTRIBUTION, ETC. | |
| Place of publication, distribution, etc. | United Kingdom : |
| Name of publisher, distributor, etc. | Cambridge University Press, |
| Date of publication, distribution, etc. | 2019. |
| 300 ## - PHYSICAL DESCRIPTION | |
| Extent | 468 p. ; |
| Dimensions | 24 cm. |
| 563 ## - BINDING INFORMATION | |
| Binding note | HB. |
| 942 ## - ADDED ENTRY ELEMENTS (KOHA) | |
| Source of classification or shelving scheme | |
| Koha item type | Book |
| Withdrawn status | Lost status | Source of classification or shelving scheme | Damaged status | Not for loan | Permanent Location | Current Location | Shelving location | Date acquired | Source of acquisition | Total Checkouts | Full call number | Barcode | Checked out | Date last seen | Date last checked out | Price effective from | Koha item type |
|---|---|---|---|---|---|---|---|---|---|---|---|---|---|---|---|---|---|
| Central Library (CL) | Central Library (CL) | Electrical Engineering | 05/31/2023 | Pak Book Corporation | 1 | 621.3 SUR | CL-1482 | 11/06/2024 | 10/07/2024 | 10/07/2024 | 05/31/2023 | Book |
